000 02029cam a2200433 4500
003 PE-LiUPU
005 20250731172911.0
008 230831b |||||||| |||| 00| 0 spa d
020 _a8429305513
040 _aPE-LiUPU
_bspa
_cPE-LiUPU
_dPE-LiUPU
_erda
082 0 4 _a262.001
_bB673e
_223
100 1 _aBoff, Leonardo
_d1938-
_eautor
245 _aEclesiogénesis :
_bLas comunidades de base reinventan la iglesia /
_cLeonardo Boff; traducción de Juan Carlos Rodríguez Herranz.
264 1 _aSantander :
_bEditorial Sal Terrae,
_c1979
300 _a130 páginas :
_bilustraciones ;
_c21 centímetros.
490 0 _a(Colección Presencia Teológica ;
_v2)
504 _aNotas bibliográficas
505 0 _aLa comunidad de base como una nueva experiencia de Iglesia -- ¿Qué futuro tiene la comunidad? -- ¿La comunidad de base es Iglesia o sólo elementos eclesiales? -- Comunidades eclesiales de base y reinvención de la Iglesia -- ¿En qué podrán contribuir las comunidades de base a la superación de la actual estructura de la iglesia? -- Características de una iglesia encarnada en las clases oprimidas: notas teológicas de la iglesia base -- Quiso el Jesús histórico una única forma institucional de la iglesia? -- El seglar y el poder de celebrar la Cena del Señor -- El sacerdocio de la mujer y sus posibilidades.
526 _aSEG42
526 _aSEG41
526 _aSEG40
526 _aSEG39
526 _aP94
526 _aP87
526 _aP86
526 _aP85
526 _aP77
526 _aP76
526 _aP35
650 0 _aComunidades cristianas
_xIglesia Católica
_92310
650 0 _aTeología de la liberación
_92311
650 0 _aRenovación de la Iglesia
_ySiglo XX
_92312
700 _aRodríguez Herranz, Juan Carlos,
_etraductor.
_92313
910 _aaj-kc
942 _2ddc
_cBK
_n0
949 _a262.001 B673e
_i19541
_lCCODEBUL1
_mBUL
_tLIBRO
_o.STAFF. Circulación
980 _81
_gALBERTO SANCHEZ Responsable de Automatización
999 _c16403
_d16403